[Event "FRA-ch U16 Girls"]
[Site "Vichy"]
[Date "2025.04.30"]
[Round "5"]
[White "Chevillon, Manon"]
[Black "Dubin, Lisa"]
[Result "0-1"]
[WhiteElo "1892"]
[BlackElo "1767"]
[PlyCount "125"]
[EventDate "2025.04.27"]
[EventType "swiss"]
[EventRounds "9"]
[EventCountry "FRA"]
[SourceTitle "CB19_2025"]
[SourceDate "2025.05.07"]
[SourceVersion "1"]
[SourceVersionDate "2025.05.07"]
[SourceQuality "1"]

1. e4 d6 2. d4 Nf6 3. Nc3 e5 4. Nf3 Nbd7 5. g4 h6 6. h3 c6 7. a4 a5 8. Be3 Qc7 9. Qd2 exd4 10. Nxd4 Nc5 11. f3 Be6 12. Nxe6 Nxe6 13. Qf2 Nd7 14. f4 Be7 15. Bg2 Bf6 16. Qd2 Nb6 17. Bf1 0-0-0 18. Qf2 Bxc3+ 19. bxc3 Nd7 20. Bd3 Nec5 21. Kd2 Rhe8 22. Qf3 Nf6 23. Bxc5 dxc5 24. e5 Nd5 25. c4 Nb6 26. Kc3 Rd4 27. Rhe1 f6 28. Qe3 Qd8 29. e6 Re7 30. f5 Kb8 31. Reb1 Qc7 32. Rg1 Nd7 33. Qe2 Ne5 34. h4 Rf4 35. Rab1 Qd6 36. Qe3 Nxg4 37. Qe1 Qd4+ 38. Kb3 Ne5 39. Qxa5 Nxd3 40. cxd3 Qxd3+ 41. Qc3 Qxc3+ 42. Kxc3 Rxf5 43. Rbe1 Rf3+ 44. Kb2 Rf4 45. Kb3 Rxh4 46. Rg3 Kc7 47. a5 Kd6 48. Rd3+ Rd4 49. Rde3 f5 50. Rg1 f4 51. Rf3 g5 52. Kc3 Rxe6 53. Rb1 Re7 54. Rh3 Rh7 55. Rbh1 Ke5 56. Rxh6 Rxh6 57. Rxh6 f3 58. Rh5 f2 59. Rxg5+ Kf4 60. Rg7 Kf3 61. Rxb7 f1Q 62. Rf7+ Rf4 63. Kd2 0-1

[Event "FRA-ch U16 Girls"]
[Site "Agen"]
[Date "2024.04.18"]
[Round "6"]
[White "Chevillon, Manon"]
[Black "Fesigny, Oceane"]
[Result "0-1"]
[WhiteElo "1737"]
[BlackElo "1829"]
[PlyCount "64"]
[EventDate "2024.04.14"]
[EventType "swiss"]
[EventRounds "9"]
[EventCountry "FRA"]
[SourceTitle "EXT 2025"]
[Source "ChessBase"]
[SourceDate "2024.10.14"]
[SourceVersion "1"]
[SourceVersionDate "2024.10.14"]
[SourceQuality "1"]

1. e4 e5 2. Nf3 Nc6 3. Bc4 Bc5 4. d3 Nf6 5. c3 d6 6. 0-0 Bg4 7. Re1 Bb6 8. Nbd2 0-0 9. Nf1 Ne7 10. Ng3 Ng6 11. h3 Bd7 12. Bb3 c6 13. d4 h6 14. Qc2 Qc8 15. Nf5 Bxf5 16. exf5 Nf4 17. dxe5 dxe5 18. Nxe5 N4d5 19. Bd2 Bc7 20. Nf3 a5 21. a4 Qb8 22. Nd4 Bf4 23. Re2 Qc7 24. Rae1 Bxd2 25. Qxd2 Rae8 26. Bxd5 cxd5 27. Nb5 Qc6 28. Re7 Ne4 29. Rc7 Nxd2 30. Rxe8 Qxe8 31. Rxb7 Qe1+ 32. Kh2 Qxf2 0-1

[Event "FRA-ch U12/16 Girls"]
[Site "Agen"]
[Date "2023.04.28"]
[Round "7"]
[White "Lavilledieu, Lily Mei"]
[Black "Chevillon, Manon"]
[Result "0-1"]
[WhiteElo "1632"]
[BlackElo "1418"]
[PlyCount "172"]
[EventDate "2023.04.23"]
[EventType "swiss"]
[EventRounds "9"]
[EventCountry "FRA"]
[SourceTitle "CBM 214 Extra"]
[Source "ChessBase"]
[SourceDate "2023.07.31"]
[SourceVersion "1"]
[SourceVersionDate "2023.07.31"]
[SourceQuality "1"]

1. d4 Nf6 2. c4 e6 3. Nc3 d5 4. e3 Bb4 5. Bd2 0-0 6. Nf3 c5 7. a3 Bxc3 8. Bxc3 Ne4 9. Qc2 Nxc3 10. Qxc3 cxd4 11. Nxd4 Nc6 12. Nxc6 bxc6 13. c5 Qc7 14. b4 a6 15. Bd3 e5 16. 0-0 Be6 17. Rfd1 f5 18. f4 exf4 19. exf4 Qxf4 20. Rf1 Qc7 21. Rae1 Qd7 22. Re5 g6 23. Rfe1 Rfe8 24. Bf1 Ra7 25. Qe3 Kf7 26. a4 Qc8 27. b5 axb5 28. axb5 cxb5 29. Bxb5 Ree7 30. c6 Rac7 31. Qc5 Qd8 32. Ba6 Kf6 33. Qd4 Kf7 34. Bb7 Qd6 35. Qh4 Kg7 36. Qf4 Bf7 37. g3 Rxe5 38. Qxe5+ Qxe5 39. Rxe5 Kf6 40. Re1 Be6 41. Kf2 Bc8 42. Rb1 Ke5 43. Ke3 g5 44. Rb5 h5 45. Kf3 Kd4 46. Ba8 Kc4 47. Rb8 d4 48. h4 g4+ 49. Kf4 Be6 50. Rf8 d3 51. Rd8 Kc3 52. Ke3 Bc4 53. Rd7 Rc8 54. Bb7 Re8+ 55. Kf4 Be6 56. Rd6 d2 57. c7 Bc8 58. Rd8 d1Q 59. Rxd1 Bxb7 60. Rd8 Re4+ 61. Kxf5 Rc4 62. Kg5 Rxc7 63. Kxh5 Bf3 64. Kg5 Rc5+ 65. Kf6 Rc6+ 66. Kg7 Rc7+ 67. Kh8 Be4 68. Kg8 Rc5 69. Kg7 Rf5 70. Rh8 Rf3 71. Kh6 Rxg3 72. Kg5 Rg1 73. Rd8 g3 74. Kf4 g2 75. Rg8 Rf1+ 76. Kxe4 g1Q 77. Rxg1 Rxg1 78. Kf5 Rh1 79. Kg5 Kd4 80. h5 Ke5 81. Kg6 Ke6 82. h6 Rg1+ 83. Kh7 Kf7 84. Kh8 Kg6 85. h7 Ra1 86. Kg8 Ra8# 0-1

[Event "Trophee Roza Lallemand Online"]
[Site "Tornelo INT"]
[Date "2020.12.13"]
[Round "2"]
[White "Lordier, Sophia"]
[Black "Chevillon, Manon"]
[Result "1-0"]
[WhiteElo "1795"]
[BlackElo "1356"]
[PlyCount "89"]
[EventDate "2020.12.13"]
[EventType "swiss (rapid)"]
[EventRounds "9"]
[EventCountry "USA"]
[SourceTitle "EXT 2022"]
[Source "ChessBase"]
[SourceDate "2021.10.06"]
[SourceVersion "1"]
[SourceVersionDate "2021.10.06"]
[SourceQuality "1"]

1. d4 Nf6 2. c4 e6 3. g3 Be7 4. Bg2 d6 5. Nc3 Nbd7 6. e4 e5 7. Nf3 b6 8. 0-0 Bb7 9. Re1 0-0 10. Nh4 c5 11. d5 Rb8 12. Nf5 a6 13. Qd3 Re8 14. Nxe7+ Rxe7 15. Bd2 Nf8 16. f4 Ng6 17. f5 Nf8 18. h3 g6 19. Bg5 N8d7 20. Rf1 Re8 21. Qf3 Kg7 22. Qe3 b5 23. cxb5 axb5 24. Nxb5 Qe7 25. Nc3 Ba6 26. Rf2 Rh8 27. Bh6+ Kg8 28. g4 Ne8 29. g5 Qd8 30. Bf1 Bc8 31. Bb5 Ng7 32. Raf1 Rxb5 33. Nxb5 Ba6 34. a4 Bxb5 35. axb5 Qc8 36. fxg6 hxg6 37. Rxf7 Rh7 38. Bxg7 Rxg7 39. Rxg7+ Kxg7 40. Qf3 Kh8 41. Qf7 Nb6 42. Qxg6 Nc4 43. Rf7 Qg8 44. Qh6+ Qh7 45. Qxh7# 1-0